Citogenética básica y biología de los cromosomas / (Registro nro. 8193)

Detalles MARC
000 -CABECERA
Campo de control interno 01845nam a2200253Ia 4500
008 - ELEMENTOS DE LONGITUD FIJA - INFORMACIÓN GENERAL
Campo de control de longitud fija 260220t1978||||xx |||||||||||||| ||spa||
040 ## - FUENTE DE CATALOGACIÓN
Agencia de catalogación original PY-SlUNAC
Idioma de catalogación spa
Convenciones de descripción rda
041 ## - CÓDIGO DE IDIOMA
Código de idioma para texto/pista de sonido o título separado spa
082 ## - NÚMERO DE CLASIFICACIÓN DECIMAL DEWEY
Clasificación Decimal Dewey (CDD) 575.21
Clasificación Expansiva de Cutter (EC) Sae16c
100 ## - ASIENTO PRINCIPAL - NOMBRE PERSONAL
Nombre personal Saez, Francisco A.
Rol del autor Autor
245 #0 - TÍTULO
Título Citogenética básica y biología de los cromosomas /
Mención de responsabilidad por Francisco A. Saez [Autor] y Horacio Cardozo [Autor]
264 ## - PIE DE IMPRENTA
Lugar Washington D. C. :
Editorial Organización de los Estados Americanos,
Año ℗1978.
300 ## - DESCRIPCIÓN FÍSICA
Páginas 1 volumen
520 ## - NOTA DE RESUMEN
Nota de resumen El libro "Citogenética básica y biología de los cromosomas" de Francisco A. Saez ofrece una exploración exhaustiva de los fundamentos de la citogenética y la estructura de los cromosomas. A través de un enfoque didáctico, Saez detalla los conceptos esenciales relacionados con la organización y función de los cromosomas, así como los métodos utilizados para su estudio. El texto abarca la variabilidad genética, las anomalías cromosómicas, y su implicancia en la herencia y la evolución. También se discuten las técnicas de análisis cromosómico, como la banding y la hibridación in situ, que permiten identificar alteraciones en los cromosomas. Este libro se convierte en una herramienta valiosa para estudiantes y profesionales en biología, genética y medicina, al proporcionar no solo una base teórica sólida, sino también una comprensión de las aplicaciones prácticas en la investigación genética y la salud humana. La obra, aunque publicada en 1978, sigue siendo relevante por su claridad y profundidad en el tema.
653 ## - MATERIA - TÉRMINO TEMÁTICO NO CONTROLADO (PALABRAS CLAVE)
Materia - término temático no controlado (palabras clave) Biología
653 ## - MATERIA - TÉRMINO TEMÁTICO NO CONTROLADO (PALABRAS CLAVE)
Materia - término temático no controlado (palabras clave) Citogenética
653 ## - MATERIA - TÉRMINO TEMÁTICO NO CONTROLADO (PALABRAS CLAVE)
Materia - término temático no controlado (palabras clave) Cromosomas
700 ## - ENTRADA SECUNDARIA - AUTOR PERSONAL
Nombre personal Cardozo, Horacio
Rol del autor Autor
942 ## - ELEMENTOS PERSONALIZADOS (KOHA)
Fecha catalogación 2026/02/17
Tipo de documento Libros
Existencias
Fuente de Clasificacion Colección Ubicacion permanente Biblioteca actual Fecha de Ingreso a la Biblioteca Origen de adquisición Código de ubicación Código de barras Tipo de Item KOHA Nota pública
Dewey Decimal Classification Colección General (CG) Biblioteca e Internet, Facultad de Ciencias Exactas y Naturales Biblioteca e Internet, Facultad de Ciencias Exactas y Naturales 02/20/2026 Donación 575.21 Sae16c CG1553 Libros Material disponible en la Biblioteca e Intenet, Campus UNA, San Lorenzo.